000 00278nam a22001337a 4500
008 170203b xxu||||| |||| 00| 0 eng d
020 _a9780205381531
041 _aeng
080 _a61
100 _a3
101 _aSHM
245 _aLANGUGE DISORDERS
_cOWENS
942 _2udc
_cBK
999 _c4432
_d4432